| Tag |
First Indicator |
Second Indicator |
Subfields |
| LEADER |
00000cam a2200000 4500 |
| 001 |
in00000678261 |
| 005 |
20151016050929.0 |
| 008 |
740315c19651964enka 00000 eng |
| 010 |
|
|
|a 65001888
|
| 035 |
|
|
|a (OCoLC)00831737
|
| 035 |
|
|
|9 ADA8108AM
|
| 040 |
|
|
|a DLC
|c CSU
|d OCL
|d TXA
|d UtOrBLW
|
| 049 |
|
|
|a TXAM
|c [909266]
|
| 050 |
|
0 |
|a T60.W6
|b R3
|
| 082 |
0 |
|
|a 658.53
|
| 100 |
1 |
|
|a Rae, Andrew.
|
| 245 |
1 |
0 |
|a Work study ;
|b a practical primer.
|
| 264 |
|
1 |
|a London :
|b Odhams Books,
|c [1965]
|
| 264 |
|
4 |
|c [©1964]
|
| 300 |
|
|
|a 127 pages :
|b illustrations ;
|c 19 cm.
|
| 336 |
|
|
|a text
|b txt
|2 rdacontent
|
| 337 |
|
|
|a unmediated
|b n
|2 rdamedia
|
| 338 |
|
|
|a volume
|b nc
|2 rdacarrier
|
| 500 |
|
|
|a Label on title page: Transatlantic Arts, Hollywood-by-the-Sea, Florida.
|
| 650 |
|
0 |
|a Work measurement.
|
| 650 |
|
0 |
|a Work.
|
| 999 |
|
|
|a MARS
|
| 999 |
f |
f |
|s d03cd4ee-cf1c-358a-9124-e3f9c3659c38
|i 5f62cdb5-eadb-3221-a97c-ec518bce79b2
|t 0
|
| 952 |
f |
f |
|p ric
|a Texas A&M University
|b Rellis Campus
|c Joint Library Facility
|d Remote Storage
|t 0
|e T60.W6 R3
|h Library of Congress classification
|i unmediated -- volume
|m A14805272528
|
| 998 |
f |
f |
|a T60.W6 R3
|t 0
|l Remote Storage
|